Vector mechanics for engineers (Record no. 4856)

000 -LEADER
fixed length control field 00594nam a2200217 a 4500
001 - CONTROL NUMBER
control field 4856
003 - CONTROL NUMBER IDENTIFIER
control field BD-DhUET
008 - FIXED-LENGTH DATA ELEMENTS--GENERAL INFORMATION
fixed length control field 840307s1984 nyua 001 0 eng
020 ## - INTERNATIONAL STANDARD BOOK NUMBER
International Standard Book Number 0070044384
040 ## - CATALOGING SOURCE
Original cataloging agency DLC
Transcribing agency DLC
Modifying agency BD-DhUET
082 00 - DEWEY DECIMAL CLASSIFICATION NUMBER
Classification number 620.1
Item number BEE/1984
100 ## - MAIN ENTRY--PERSONAL NAME
Personal name Beer, Ferdinand P.
245 10 - TITLE STATEMENT
Title Vector mechanics for engineers
Remainder of title statics and dynamics
250 ## - EDITION STATEMENT
Edition statement 4th ed.
260 ## - PUBLICATION, DISTRIBUTION, ETC. (IMPRINT)
Place of publication, distribution, etc. New York
Name of publisher, distributor, etc. McGraw-Hill
Date of publication, distribution, etc. 1984
300 ## - PHYSICAL DESCRIPTION
Extent xxi, 926 p.
Other physical details ill.
Dimensions 24 cm.
504 ## - BIBLIOGRAPHY, ETC. NOTE
Bibliography, etc Includes bibliographies
650 #0 - SUBJECT ADDED ENTRY--TOPICAL TERM
Topical term or geographic name as entry element Engineering instruments
700 1# - ADDED ENTRY--PERSONAL NAME
Personal name Johnston, E. Russell
942 ## - ADDED ENTRY ELEMENTS (KOHA)
Koha item type General Book
Holdings
Location (home branch) Price effective from Piece designation (barcode) Koha date last seen Withdrawn status Koha full call number Sublocation or collection (holding branch) Koha item type Not for loan Koha issues (times borrowed) Source of classification or shelving scheme Date acquired Koha date last borrowed Shelving location Damaged status Lost status Copy number Koha normalized classification for sorting
Central Library, BUET2014-11-23660512015-12-08 620.1/BEE/1984Central Library, BUETGeneral Book   2014-11-23 Circulation section  1620_100000000000000_BEE_1984
Central Library, BUET2014-11-24660422022-06-20 620.1/BEE/1984Central Library, BUETGeneral Book 2 2014-11-242022-06-12Circulation section  1620_000000000000000_1BEE1984
Central Library, BUET2014-11-29660862023-06-07 620.1/BEE/1984Central Library, BUETGeneral Book 4 2014-11-292023-01-10Circulation section  1620_100000000000000_BEE_1984
Central Library, BUET2014-12-11660442025-05-28 620.1 /BEE/1984Central Library, BUETGeneral Book 1 2014-12-112025-04-30Circulation section  49620_100000000000000_BEE_1984
Central Library, BUET2014-12-11660122015-02-23 620.1/BEE/1984Central Library, BUETGeneral Book   2014-12-11 Circulation section  1620_100000000000000_BEE_1984
Central Library, BUET2015-01-19660432015-12-22 620.1/BEE/1984Central Library, BUETGeneral Book   2015-01-19 Circulation section  6620_100000000000000_BEE_1984
Central Library, BUET2015-02-16813362022-12-13 620.1/BEE/1984Central Library, BUETGeneral Book 1 2015-02-162022-11-21Circulation section  7620_100000000000000_BEE_1984
Central Library, BUET2015-04-01660482018-04-30 620.1/BEE/1984Central Library, BUETGeneral Book 1 2015-04-012018-04-18Circulation section  1620_100000000000000_BEE_1984
Central Library, BUET2015-06-21660152015-06-21 620.1/BEE/1984Central Library, BUETReading Item   2015-06-21 Reading section  9620_100000000000000_BEE_1984
Central Library, BUET2015-06-22660142015-06-22 620.1/BEE/1984Central Library, BUETGeneral Book   2015-06-22 Reading section  10620_100000000000000_BEE_1984
Central Library, BUET2015-06-22660132015-06-22 620.1/BEE/1984Central Library, BUETGeneral Book   2015-06-22 Reading section  11620_100000000000000_BEE_1984
Central Library, BUET2015-06-29660952015-06-29 620.01/BEE/1984Central Library, BUETReading Item   2015-06-29 Reading section  12620_010000000000000_BEE_1984
Central Library, BUET2015-07-28755022015-07-28 620.1/BEE/1984Central Library, BUETGeneral Book   2015-07-28 Circulation section  13620_100000000000000_BEE_1984